Novoveské rozpočtové provizórium sa skončilo

Podrobná bibliografia
Médium: Článok
Jazyk:slovenčina
Fyzický popis:Fotogr.
ISSN:1335-759X
Predmet:

MARC

LEADER 00000nab a2200000 ar4500
001 vtls009144403
003 SK-MaSNL
005 20260303063815.0
008 070927c20070216xo mr|p|||||||000 b|slo
038 |a SNSK 
040 |b slo  |c SNSK  |e AACR2 
041 |a slo 
044 |a xo  |c SK 
080 |a 336.14  |x (437.678)  |x "2007"  |2 2001 
080 |a 352  |x (437.6)  |2 2001 
245 0 0 |a Novoveské rozpočtové provizórium sa skončilo  |c [autor](top) 
300 |b Fotogr. 
610 1 7 |a Spišská Nová Ves (Slovensko).  |b Mestský úrad  |2 snsk  |9 170251 
648 7 |a 2007  |2 snsk  |9 313226 
650 0 7 |a rozpočet  |y 2007  |2 snsk  |9 1033213 
650 0 7 |a rozpočtové provizórium  |2 snsk  |9 1039635 
651 7 |a Spišská Nová Ves (Slovensko)  |2 snsk  |9 28800 
773 0 |t Spišský denník Korzár  |g Roč. IX., č. 39 (16.2.2007), s. 1  |x 1335-759X 
852 |a SNSK  |b KIS3GCP 
999 |c 1744499  |d 1746429